| 000 | 01512cam a22002655a 4500 | ||
|---|---|---|---|
| 001 | L159477 | ||
| 008 | 110516s2016 xxko f 000 0 eng d | ||
| 020 | _a9781848064560 | ||
| 035 | _a(Sirsi) u159477 | ||
| 041 | 0 | _aeng | |
| 050 | 0 | 4 | _a693.5 $2 18 |
| 100 | 1 | _aDunster, Andrew | |
| 245 | 0 | 0 |
_aAlkali-activated binders for precast and ready-mixed concrete products _ba route map to standardisation, certification and guidance |
| 260 |
_aWatford _bBRE _c2016 |
||
| 300 |
_a12p. _bill. _c30cm. |
||
| 490 | 0 |
_aBRE Information Paper _v(4/16) |
|
| 520 | _aThe production of alkali-activated (AA) binders uses less energy and produces less carbon dioxide than conventional Portland cement (PC). There is a clear need for standardisation and certification of AA binders and concretes. However, there are a range of possible routes and approaches open to the binder manufacturers. As is already the case with established Portland-based cements, supporting guidance, experience in use and codes of practice will ultimately be essential to underpin the wider acceptance of AA binders as a construction material. This paper summarises the current position in this emerging area of construction technology from a UK perspective. | ||
| 521 | _aAdvanced | ||
| 590 | _aKA | ||
| 650 | 2 | 4 | _aBUILT ENVIRONMENT-BUILDING MATERIALS-CEMENTITIOUS, CONCRETE AND MINERAL BOUND MATERIALS-CONCRETE |
| 650 | 2 | 4 | _aALKALI-ACTIVATED BINDERS |
| 651 | 4 |
_aUnited Kingdom _y |
|
| 690 | _aBuilding materials and defects | ||
| 942 | _n0 | ||
| 999 |
_c115937 _d115937 |
||